| 000 | 00858nam a2200193 a 4500 | ||
|---|---|---|---|
| 003 | 0 | ||
| 005 | 20250516090428.0 | ||
| 008 | 030519s19uu xx 00 eng d | ||
| 050 |
_aPHS LB 2840 _b.C66 2003 |
||
| 100 | _aConcepcion, Francis Ford Lim. | ||
| 245 |
_aComparative study on the job satisfaction profile of Southville International School and Colleges and St. Benedict College teachers with related and unrelated degree in teaching / _cFrancis Ford Lim Concepcion. |
||
| 260 |
_aLas PiƱas City, Philippines : _bSouthville International School and Colleges, _c2003. |
||
| 300 |
_a28 pages : _billustrations ; _c28 cm. |
||
| 504 | _aIncludes bibliographical references. | ||
| 650 |
_aJob satisfaction _zPhilippines. |
||
| 650 |
_aCollege teachers _xJob satisfaction _zPhilippines. |
||
| 650 |
_aComparative education _zPhilippines. |
||
| 942 |
_2lcc _cPASS |
||
| 999 |
_c96776 _d96776 |
||